[Event "ODJM C 2024"]
[Site "Willingen GER"]
[Date "2024.05.25"]
[Round "9"]
[White "Wilting, Oskar"]
[Black "Prigandt, Junis"]
[Result "1/2-1/2"]
[Termination "normal"]
[Board "19"]
[WhiteElo "1503"]
[BlackElo "1181"]
[WhiteClock "00:49:36"]
[BlackClock "00:52:51"]
[PlyCount "87"]
[WhiteFideId "34640053"]
[BlackFideId "34631712"]
[EventCountry "GER"]
[EventRounds "9"]
[EventType "swiss"]
[EventDate "2024.05.18"]

1. d4 {[%clk 01:30:56]} {[%emt 00:00:03]} d5 {[%clk 01:30:45]} {[%emt
00:00:17]} 2. Nc3 {[%clk 01:31:14]} {[%emt 00:00:12]} Nf6 {[%clk 01:30:46]}
{[%emt 00:00:29]} 3. Bf4 {[%clk 01:31:30]} {[%emt 00:00:13]} c6 {[%clk
01:30:35]} {[%emt 00:00:42]} 4. e3 {[%clk 01:31:36]} {[%emt 00:00:22]} Bf5
{[%clk 01:30:53]} {[%emt 00:00:14]} 5. f3 {[%clk 01:31:48]} {[%emt 00:00:16]}
e6 {[%clk 01:29:44]} {[%emt 00:01:40]} 6. g4 {[%clk 01:31:55]} {[%emt
00:00:22]} Bg6 {[%clk 01:29:15]} {[%emt 00:01:00]} 7. h4 {[%clk 01:31:38]}
{[%emt 00:00:46]} h6 {[%clk 01:29:11]} {[%emt 00:00:35]} 8. Bd3 {[%clk
01:31:41]} {[%emt 00:00:26]} Bxd3 {[%clk 01:28:59]} {[%emt 00:00:42]} 9. Qxd3
{[%clk 01:30:23]} {[%emt 00:01:46]} Bd6 {[%clk 01:27:58]} {[%emt 00:01:33]} 10.
Nge2 {[%clk 01:30:00]} {[%emt 00:00:51]} Qc7 {[%clk 01:25:54]} {[%emt
00:02:36]} 11. O-O-O {[%clk 01:27:25]} {[%emt 00:03:05]} Nbd7 {[%clk 01:23:31]}
{[%emt 00:02:53]} 12. e4 {[%clk 01:20:35]} {[%emt 00:07:19]} Bxf4+ {[%clk
01:23:01]} {[%emt 00:01:00]} 13. Nxf4 {[%clk 01:20:33]} {[%emt 00:00:32]} Qxf4+
{[%clk 01:23:24]} {[%emt 00:00:07]} 14. Kb1 {[%clk 01:20:51]} {[%emt 00:00:11]}
O-O-O {[%clk 01:23:33]} {[%emt 00:00:22]} 15. e5 {[%clk 01:20:07]} {[%emt
00:01:12]} Nxe5 {[%clk 01:22:37]} {[%emt 00:01:28]} 16. dxe5 {[%clk 01:20:15]}
{[%emt 00:00:22]} Qxe5 {[%clk 01:23:01]} {[%emt 00:00:06]} 17. Rde1 {[%clk
01:20:13]} {[%emt 00:00:32]} Qc7 {[%clk 01:22:44]} {[%emt 00:00:47]} 18. g5
{[%clk 01:20:04]} {[%emt 00:00:38]} hxg5 {[%clk 01:22:07]} {[%emt 00:01:08]}
19. hxg5 {[%clk 01:20:21]} {[%emt 00:00:13]} Nd7 {[%clk 01:21:15]} {[%emt
00:01:23]} 20. Qd4 {[%clk 01:19:48]} {[%emt 00:01:01]} e5 {[%clk 01:16:53]}
{[%emt 00:04:53]} 21. Qxa7 {[%clk 01:18:38]} {[%emt 00:01:40]} f6 {[%clk
01:10:16]} {[%emt 00:07:08]} 22. Rhg1 {[%clk 01:16:55]} {[%emt 00:02:11]} d4
{[%clk 01:07:29]} {[%emt 00:03:19]} 23. Ne4 {[%clk 01:15:14]} {[%emt 00:02:10]}
f5 {[%clk 01:06:31]} {[%emt 00:01:28]} 24. Qa8+ {[%clk 01:11:45]} {[%emt
00:03:57]} Nb8 {[%clk 01:05:00]} {[%emt 00:02:03]} 25. Nc5 {[%clk 01:09:52]}
{[%emt 00:02:23]} Rhe8 {[%clk 01:02:36]} {[%emt 00:02:54]} 26. Rg2 {[%clk
00:54:59]} {[%emt 00:15:23]} Rd5 {[%clk 01:00:09]} {[%emt 00:02:58]} 27. Nd3
{[%clk 00:52:50]} {[%emt 00:02:39]} Ra5 {[%clk 00:59:55]} {[%emt 00:00:45]} 28.
Qxa5 {[%clk 00:52:24]} {[%emt 00:00:56]} Qxa5 {[%clk 00:59:47]} {[%emt
00:00:38]} 29. Rge2 {[%clk 00:51:54]} {[%emt 00:00:59]} Nd7 {[%clk 00:59:47]}
{[%emt 00:00:30]} 30. f4 {[%clk 00:51:31]} {[%emt 00:00:53]} e4 {[%clk
00:59:51]} {[%emt 00:00:26]} 31. Nf2 {[%clk 00:51:41]} {[%emt 00:00:19]} Nc5
{[%clk 00:58:49]} {[%emt 00:01:34]} 32. Nd3 {[%clk 00:50:25]} {[%emt 00:01:45]}
Nxd3 {[%clk 00:57:32]} {[%emt 00:01:48]} 33. cxd3 {[%clk 00:50:44]} {[%emt
00:00:11]} e3 {[%clk 00:57:37]} {[%emt 00:00:25]} 34. Rh1 {[%clk 00:50:39]}
{[%emt 00:00:34]} Qd2 {[%clk 00:54:20]} {[%emt 00:03:48]} 35. Rxd2 {[%clk
00:50:36]} {[%emt 00:00:33]} exd2 {[%clk 00:54:42]} {[%emt 00:00:07]} 36. Kc2
{[%clk 00:50:59]} {[%emt 00:00:07]} Re1 {[%clk 00:55:06]} {[%emt 00:00:06]} 37.
Rh8+ {[%clk 00:51:17]} {[%emt 00:00:12]} Kc7 {[%clk 00:54:15]} {[%emt
00:01:22]} 38. Kxd2 {[%clk 00:50:41]} {[%emt 00:01:05]} Rf1 {[%clk 00:53:58]}
{[%emt 00:00:47]} 39. Rg8 {[%clk 00:50:52]} {[%emt 00:00:18]} Rxf4 {[%clk
00:54:05]} {[%emt 00:00:23]} 40. Rxg7+ {[%clk 00:51:15]} {[%emt 00:00:06]} Kb6
{[%clk 00:54:12]} {[%emt 00:00:24]} 41. g6 {[%clk 00:50:30]} {[%emt 00:01:15]}
Rg4 {[%clk 00:53:33]} {[%emt 00:01:09]} 42. Rg8 {[%clk 00:50:01]} {[%emt
00:00:59]} Rg2+ {[%clk 00:52:43]} {[%emt 00:01:20]} 43. Kc1 {[%clk 00:49:46]}
{[%emt 00:00:45]} f4 {[%clk 00:52:51]} {[%emt 00:00:21]} 44. Rf8 {[%clk
00:49:36]} {[%emt 00:00:40]} 1/2-1/2

[Event "ODJM C 2024"]
[Site "Willingen GER"]
[Date "2024.05.25"]
[Round "9"]
[White "Kraus, Joshua"]
[Black "Knaudt, Anna"]
[Result "1-0"]
[Termination "normal"]
[Board "22"]
[WhiteElo "1111"]
[BlackElo "1330"]
[WhiteClock "00:30:27"]
[BlackClock "00:10:41"]
[PlyCount "99"]
[WhiteFideId "34660500"]
[BlackFideId "533001910"]
[EventCountry "GER"]
[EventRounds "9"]
[EventType "swiss"]
[EventDate "2024.05.18"]

1. e4 {[%clk 01:30:57]} {[%emt 00:01:26]} e5 {[%clk 01:30:56]} 2. Nf3 {[%clk
01:31:17]} Nc6 {[%clk 01:31:20]} 3. Bb5 {[%clk 01:31:38]} a6 {[%clk 01:31:43]}
4. Bxc6 {[%clk 01:31:58]} dxc6 {[%clk 01:32:06]} 5. O-O {[%clk 01:31:54]} Bd6
{[%clk 01:32:00]} 6. d4 {[%clk 01:31:36]} f6 {[%clk 01:25:11]} 7. Be3 {[%clk
01:27:35]} Ne7 {[%clk 01:23:45]} 8. c4 {[%clk 01:24:01]} Ng6 {[%clk 01:18:40]}
9. Nc3 {[%clk 01:18:21]} O-O {[%clk 01:15:51]} 10. Qb3 {[%clk 01:14:16]} Be6
{[%clk 00:58:35]} 11. d5 {[%clk 01:11:48]} cxd5 {[%clk 00:58:57]} 12. cxd5
{[%clk 01:12:10]} Bc8 {[%clk 00:55:20]} 13. Rac1 {[%clk 01:06:09]} b6 {[%clk
00:50:19]} 14. h3 {[%clk 01:04:55]} Bd7 {[%clk 00:50:22]} 15. Nh2 {[%clk
00:54:08]} h5 {[%clk 00:41:51]} 16. Ne2 {[%clk 00:50:47]} Qc8 {[%clk 00:35:11]}
17. f4 {[%clk 00:48:35]} exf4 {[%clk 00:31:39]} 18. Nxf4 {[%clk 00:46:30]} Nxf4
{[%clk 00:28:18]} 19. Bxf4 {[%clk 00:46:47]} Bc5+ {[%clk 00:28:30]} 20. Be3
{[%clk 00:46:26]} Re8 {[%clk 00:28:07]} 21. Bxc5 {[%clk 00:46:19]} bxc5 {[%clk
00:28:26]} 22. Rxc5 {[%clk 00:44:41]} Rxe4 {[%clk 00:27:48]} 23. d6+ {[%clk
00:44:23]} Kf8 {[%clk 00:23:04]} 24. Rxc7 {[%clk 00:43:19]} Qe8 {[%clk
00:21:15]} 25. Qd5 {[%clk 00:36:56]} Re1 {[%clk 00:16:20]} 26. Rxd7 {[%clk
00:37:00]} Rxf1+ {[%clk 00:13:07]} 27. Nxf1 {[%clk 00:36:49]} Rc8 {[%clk
00:10:06]} 28. Re7 {[%clk 00:31:13]} Qg6 {[%clk 00:10:31]} 29. Qe6 {[%clk
00:29:46]} Rc2 {[%clk 00:08:52]} 30. Qe4 {[%clk 00:29:17]} Qxe4 {[%clk
00:06:17]} {[%emt 00:01:36]} 31. Rxe4 {[%clk 00:29:42]} {[%emt 00:00:07]} Rc1
{[%clk 00:06:02]} {[%emt 00:00:45]} 32. d7 {[%clk 00:29:51]} {[%emt 00:00:20]}
Rd1 {[%clk 00:06:13]} {[%emt 00:00:19]} 33. Re8+ {[%clk 00:30:15]} {[%emt
00:00:06]} Kf7 {[%clk 00:06:36]} {[%emt 00:00:06]} 34. d8=Q {[%clk 00:28:34]}
{[%emt 00:02:13]} Rxd8 {[%clk 00:07:01]} {[%emt 00:00:05]} 35. Rxd8 {[%clk
00:28:48]} {[%emt 00:00:15]} Kg6 {[%clk 00:07:20]} {[%emt 00:00:12]} 36. b4
{[%clk 00:28:59]} {[%emt 00:00:22]} h4 {[%clk 00:07:41]} {[%emt 00:00:08]} 37.
a4 {[%clk 00:29:17]} {[%emt 00:00:09]} Kg5 {[%clk 00:08:01]} {[%emt 00:00:09]}
38. b5 {[%clk 00:29:30]} {[%emt 00:00:18]} axb5 {[%clk 00:08:23]} {[%emt
00:00:07]} 39. axb5 {[%clk 00:29:55]} {[%emt 00:00:09]} Kf4 {[%clk 00:08:44]}
{[%emt 00:00:05]} 40. b6 {[%clk 00:30:15]} {[%emt 00:00:13]} g5 {[%clk
00:09:10]} {[%emt 00:00:02]} 41. b7 {[%clk 00:30:24]} {[%emt 00:00:23]} g4
{[%clk 00:09:26]} {[%emt 00:00:11]} 42. Rd4+ {[%clk 00:30:48]} {[%emt
00:00:06]} Kg5 {[%clk 00:09:29]} {[%emt 00:00:28]} 43. Rxg4+ {[%clk 00:31:08]}
{[%emt 00:00:10]} Kf5 {[%clk 00:09:28]} {[%emt 00:00:33]} 44. b8=Q {[%clk
00:30:30]} {[%emt 00:01:07]} Ke6 {[%clk 00:09:52]} {[%emt 00:00:05]} 45. Qb5
{[%clk 00:30:13]} {[%emt 00:00:47]} Kd6 {[%clk 00:09:58]} {[%emt 00:00:24]} 46.
Re4 {[%clk 00:29:46]} {[%emt 00:00:59]} Kc7 {[%clk 00:09:36]} {[%emt 00:00:54]}
47. Qd3 {[%clk 00:29:50]} {[%emt 00:00:22]} f5 {[%clk 00:09:53]} {[%emt
00:00:13]} 48. Rc4+ {[%clk 00:30:13]} {[%emt 00:00:08]} Kb6 {[%clk 00:10:16]}
{[%emt 00:00:07]} 49. Qb3+ {[%clk 00:30:36]} {[%emt 00:00:07]} Ka5 {[%clk
00:10:41]} {[%emt 00:00:06]} 50. Ra4# {[%clk 00:30:27]} {[%emt 00:00:08]} 1-0

[Event "ODJM C 2024"]
[Site "Willingen GER"]
[Date "2024.05.25"]
[Round "9"]
[White "Moissl, Julian"]
[Black "Hantke, Florian"]
[Result "1/2-1/2"]
[Termination "normal"]
[Board "23"]
[WhiteElo "1560"]
[BlackElo "1106"]
[WhiteClock "01:09:31"]
[BlackClock "01:08:10"]
[PlyCount "42"]
[WhiteFideId "16295129"]
[BlackFideId "34638962"]
[EventCountry "GER"]
[EventRounds "9"]
[EventType "swiss"]
[EventDate "2024.05.18"]

1. d4 {[%clk 01:30:58]} {[%emt 00:00:01]} d5 {[%clk 01:30:52]} {[%emt
00:00:07]} 2. c4 {[%clk 01:31:24]} {[%emt 00:00:06]} e6 {[%clk 01:30:20]}
{[%emt 00:01:02]} 3. Nf3 {[%clk 01:31:20]} {[%emt 00:00:35]} Nf6 {[%clk
01:29:53]} {[%emt 00:00:57]} 4. Bg5 {[%clk 01:31:36]} {[%emt 00:00:13]} Be7
{[%clk 01:29:26]} {[%emt 00:00:58]} 5. e3 {[%clk 01:31:54]} {[%emt 00:00:11]}
Nbd7 {[%clk 01:27:49]} {[%emt 00:02:07]} 6. Bd3 {[%clk 01:31:11]} {[%emt
00:01:13]} c5 {[%clk 01:23:41]} {[%emt 00:04:39]} 7. cxd5 {[%clk 01:29:48]}
{[%emt 00:01:52]} Nxd5 {[%clk 01:21:55]} {[%emt 00:02:17]} 8. Bxe7 {[%clk
01:29:58]} {[%emt 00:00:19]} Nxe7 {[%clk 01:20:07]} {[%emt 00:02:18]} 9. Qc2
{[%clk 01:29:02]} {[%emt 00:01:26]} Ng6 {[%clk 01:19:24]} {[%emt 00:01:13]} 10.
dxc5 {[%clk 01:28:02]} {[%emt 00:01:30]} Qa5+ {[%clk 01:19:41]} {[%emt
00:00:14]} 11. Qc3 {[%clk 01:25:23]} {[%emt 00:03:08]} Qxc3+ {[%clk 01:19:32]}
{[%emt 00:00:40]} 12. Nxc3 {[%clk 01:25:44]} {[%emt 00:00:08]} Nxc5 {[%clk
01:19:55]} {[%emt 00:00:06]} 13. Bb5+ {[%clk 01:23:55]} {[%emt 00:02:20]} Bd7
{[%clk 01:18:51]} {[%emt 00:01:34]} 14. b4 {[%clk 01:20:39]} {[%emt 00:03:46]}
Na6 {[%clk 01:16:37]} {[%emt 00:02:43]} 15. Bxd7+ {[%clk 01:19:52]} {[%emt
00:01:18]} Kxd7 {[%clk 01:16:57]} {[%emt 00:00:10]} 16. Rd1+ {[%clk 01:16:03]}
{[%emt 00:04:19]} Ke7 {[%clk 01:15:40]} {[%emt 00:01:48]} 17. a3 {[%clk
01:13:47]} {[%emt 00:02:45]} Rhd8 {[%clk 01:11:00]} {[%emt 00:05:06]} 18. O-O
{[%clk 01:12:32]} {[%emt 00:01:49]} Rac8 {[%clk 01:08:18]} {[%emt 00:03:12]}
19. Nb5 {[%clk 01:11:38]} {[%emt 00:01:24]} Nc7 {[%clk 01:07:32]} {[%emt
00:01:17]} 20. Rxd8 {[%clk 01:09:13]} {[%emt 00:02:54]} Kxd8 {[%clk 01:07:55]}
{[%emt 00:00:07]} 21. Rd1+ {[%clk 01:09:31]} {[%emt 00:00:12]} Ke7 {[%clk
01:08:10]} {[%emt 00:00:14]} 1/2-1/2

[Event "ODJM C 2024"]
[Site "Willingen GER"]
[Date "2024.05.25"]
[Round "9"]
[White "Finck, Julius"]
[Black "Wilke, Finja"]
[Result "1-0"]
[Termination "normal"]
[Board "24"]
[WhiteElo "1579"]
[BlackElo "1055"]
[WhiteClock "00:20:39"]
[BlackClock "00:41:25"]
[PlyCount "65"]
[WhiteFideId "34660429"]
[BlackFideId "16288360"]
[EventCountry "GER"]
[EventRounds "9"]
[EventType "swiss"]
[EventDate "2024.05.18"]

1. e4 {[%clk 01:30:45]} {[%emt 00:00:13]} e5 {[%clk 01:30:56]} {[%emt
00:00:05]} 2. Nf3 {[%clk 01:30:45]} {[%emt 00:00:29]} Nc6 {[%clk 01:31:21]}
{[%emt 00:00:07]} 3. Bc4 {[%clk 01:30:37]} {[%emt 00:00:37]} Nf6 {[%clk
01:29:56]} {[%emt 00:01:55]} 4. d3 {[%clk 01:29:34]} {[%emt 00:01:33]} g6
{[%clk 01:29:37]} {[%emt 00:00:48]} 5. c3 {[%clk 01:29:34]} {[%emt 00:00:30]}
Bg7 {[%clk 01:29:39]} {[%emt 00:00:29]} 6. Nbd2 {[%clk 01:28:02]} {[%emt
00:02:02]} O-O {[%clk 01:29:39]} {[%emt 00:00:31]} 7. O-O {[%clk 01:24:31]}
{[%emt 00:03:59]} d5 {[%clk 01:27:43]} {[%emt 00:02:25]} 8. exd5 {[%clk
01:22:18]} {[%emt 00:02:44]} Nxd5 {[%clk 01:27:50]} {[%emt 00:00:23]} 9. Ne4
{[%clk 01:20:11]} {[%emt 00:02:36]} Nf6 {[%clk 01:23:34]} {[%emt 00:04:46]} 10.
Bg5 {[%clk 01:17:31]} {[%emt 00:03:07]} Bf5 {[%clk 01:20:11]} {[%emt 00:03:57]}
11. Nxf6+ {[%clk 01:14:41]} {[%emt 00:03:20]} Bxf6 {[%clk 01:20:19]} {[%emt
00:00:22]} 12. Bh6 {[%clk 01:12:42]} {[%emt 00:02:29]} Bg7 {[%clk 01:18:00]}
{[%emt 00:02:48]} 13. Bxg7 {[%clk 01:11:18]} {[%emt 00:01:56]} Kxg7 {[%clk
01:17:54]} {[%emt 00:00:34]} 14. Re1 {[%clk 01:09:33]} {[%emt 00:02:14]} Re8
{[%clk 01:17:46]} {[%emt 00:00:41]} 15. d4 {[%clk 01:07:08]} {[%emt 00:02:53]}
e4 {[%clk 01:13:47]} {[%emt 00:04:31]} 16. Nd2 {[%clk 01:05:57]} {[%emt
00:01:40]} Qg5 {[%clk 01:11:50]} {[%emt 00:02:26]} 17. Nf1 {[%clk 01:03:46]}
{[%emt 00:02:42]} Bh3 {[%clk 01:10:46]} {[%emt 00:01:34]} 18. Ng3 {[%clk
01:03:22]} {[%emt 00:00:53]} Bf5 {[%clk 01:09:59]} {[%emt 00:01:15]} 19. Qb3
{[%clk 01:00:24]} {[%emt 00:03:31]} Re7 {[%clk 01:08:28]} {[%emt 00:01:58]} 20.
Qxb7 {[%clk 00:55:51]} {[%emt 00:05:07]} Na5 {[%clk 01:05:57]} {[%emt
00:03:00]} 21. Qxa8 {[%clk 00:54:52]} {[%emt 00:01:30]} Nxc4 {[%clk 01:06:18]}
{[%emt 00:00:09]} 22. Nxe4 {[%clk 00:53:06]} {[%emt 00:02:16]} Qf4 {[%clk
01:04:35]} {[%emt 00:02:12]} 23. f3 {[%clk 00:47:15]} {[%emt 00:06:22]} Ne3
{[%clk 01:01:36]} {[%emt 00:03:29]} 24. Ng3 {[%clk 00:41:04]} {[%emt 00:06:41]}
h5 {[%clk 01:00:46]} {[%emt 00:01:19]} 25. Qd8 {[%clk 00:39:14]} {[%emt
00:02:21]} Qg5 {[%clk 01:00:15]} {[%emt 00:01:01]} 26. f4 {[%clk 00:35:02]}
{[%emt 00:04:41]} Qf6 {[%clk 00:57:08]} {[%emt 00:03:38]} 27. Re2 {[%clk
00:33:38]} {[%emt 00:01:53]} Bg4 {[%clk 00:56:10]} {[%emt 00:01:27]} 28. Ree1
{[%clk 00:33:03]} {[%emt 00:01:07]} Qc6 {[%clk 00:54:24]} {[%emt 00:02:15]} 29.
d5 {[%clk 00:31:33]} {[%emt 00:02:00]} Qc5 {[%clk 00:53:28]} {[%emt 00:01:27]}
30. Kh1 {[%clk 00:30:09]} {[%emt 00:01:52]} Rd7 {[%clk 00:52:34]} {[%emt
00:01:26]} 31. Qg5 {[%clk 00:22:44]} {[%emt 00:07:53]} Rxd5 {[%clk 00:52:10]}
{[%emt 00:00:56]} 32. f5 {[%clk 00:20:44]} {[%emt 00:02:30]} Rd3 {[%clk
00:41:25]} {[%emt 00:11:16]} 33. f6+ {[%clk 00:20:39]} {[%emt 00:00:33]} 1-0

[Event "ODJM C 2024"]
[Site "Willingen GER"]
[Date "2024.05.25"]
[Round "9"]
[White "Luible, Sebastian"]
[Black "Schwarzfischer, Ramona"]
[Result "0-1"]
[Termination "normal"]
[Board "25"]
[WhiteElo "1181"]
[BlackElo "974"]
[WhiteClock "00:36:31"]
[BlackClock "01:09:59"]
[PlyCount "140"]
[WhiteFideId "533001944"]
[BlackFideId "16268113"]
[EventCountry "GER"]
[EventRounds "9"]
[EventType "swiss"]
[EventDate "2024.05.18"]

1. e4 {[%clk 01:30:58]} {[%emt 00:00:01]} c6 {[%clk 01:30:57]} {[%emt
00:00:04]} 2. Nf3 {[%clk 01:31:16]} {[%emt 00:00:12]} d5 {[%clk 01:31:20]}
{[%emt 00:00:07]} 3. exd5 {[%clk 01:31:12]} {[%emt 00:00:34]} cxd5 {[%clk
01:31:44]} {[%emt 00:00:06]} 4. d4 {[%clk 01:30:52]} {[%emt 00:00:50]} Bf5
{[%clk 01:31:40]} {[%emt 00:00:33]} 5. Nc3 {[%clk 01:30:14]} {[%emt 00:01:08]}
a6 {[%clk 01:31:37]} {[%emt 00:00:33]} 6. Bd3 {[%clk 01:30:34]} {[%emt
00:00:10]} Bxd3 {[%clk 01:31:51]} {[%emt 00:00:16]} 7. Qxd3 {[%clk 01:30:40]}
{[%emt 00:00:24]} e6 {[%clk 01:32:09]} {[%emt 00:00:13]} 8. O-O {[%clk
01:29:58]} {[%emt 00:01:10]} Bd6 {[%clk 01:32:02]} {[%emt 00:00:38]} 9. h3
{[%clk 01:29:36]} {[%emt 00:00:52]} Ne7 {[%clk 01:32:15]} {[%emt 00:00:18]} 10.
Bg5 {[%clk 01:29:18]} {[%emt 00:00:48]} Nbc6 {[%clk 01:31:08]} {[%emt
00:01:36]} 11. Rfe1 {[%clk 01:28:30]} {[%emt 00:01:16]} O-O {[%clk 01:30:45]}
{[%emt 00:00:56]} 12. Rad1 {[%clk 01:28:31]} {[%emt 00:00:28]} f6 {[%clk
01:30:57]} {[%emt 00:00:18]} 13. Bh4 {[%clk 01:26:55]} {[%emt 00:02:05]} Qd7
{[%clk 01:30:24]} {[%emt 00:01:03]} 14. Qe3 {[%clk 01:24:04]} {[%emt 00:03:21]}
Nd8 {[%clk 01:24:47]} {[%emt 00:06:07]} 15. g4 {[%clk 01:17:20]} {[%emt
00:07:13]} Ng6 {[%clk 01:23:43]} {[%emt 00:01:36]} 16. Bg3 {[%clk 01:16:49]}
{[%emt 00:01:02]} Bxg3 {[%clk 01:22:49]} {[%emt 00:01:23]} 17. fxg3 {[%clk
01:17:07]} {[%emt 00:00:12]} Qd6 {[%clk 01:22:32]} {[%emt 00:00:48]} 18. Kg2
{[%clk 01:16:10]} {[%emt 00:01:25]} Re8 {[%clk 01:21:54]} {[%emt 00:01:09]} 19.
a3 {[%clk 01:14:35]} {[%emt 00:02:05]} Nf7 {[%clk 01:20:50]} {[%emt 00:01:34]}
20. h4 {[%clk 01:11:23]} {[%emt 00:03:42]} Nh6 {[%clk 01:18:41]} {[%emt
00:02:39]} 21. Nh2 {[%clk 01:06:50]} {[%emt 00:05:02]} f5 {[%clk 01:16:59]}
{[%emt 00:02:13]} 22. Qg5 {[%clk 01:03:49]} {[%emt 00:03:31]} f4 {[%clk
01:12:12]} {[%emt 00:05:17]} 23. Nf3 {[%clk 00:57:56]} {[%emt 00:06:23]} Nf7
{[%clk 01:11:07]} {[%emt 00:01:36]} 24. Qh5 {[%clk 00:53:24]} {[%emt 00:05:01]}
fxg3 {[%clk 01:10:28]} {[%emt 00:01:10]} 25. Ne2 {[%clk 00:51:48]} {[%emt
00:02:05]} Nf4+ {[%clk 01:07:34]} {[%emt 00:03:24]} 26. Nxf4 {[%clk 00:52:03]}
{[%emt 00:00:15]} Qxf4 {[%clk 01:07:51]} {[%emt 00:00:12]} 27. Rf1 {[%clk
00:51:13]} {[%emt 00:01:21]} g6 {[%clk 01:08:00]} {[%emt 00:00:21]} 28. Qxh7+
{[%clk 00:49:37]} {[%emt 00:02:06]} Kxh7 {[%clk 01:08:09]} {[%emt 00:00:22]}
29. Ng5+ {[%clk 00:49:54]} {[%emt 00:00:12]} Nxg5 {[%clk 01:07:16]} {[%emt
00:01:23]} 30. Rxf4 {[%clk 00:49:59]} {[%emt 00:00:25]} Ne4 {[%clk 01:07:19]}
{[%emt 00:00:27]} 31. Rf7+ {[%clk 00:49:39]} {[%emt 00:00:50]} Kh6 {[%clk
01:07:17]} {[%emt 00:00:32]} 32. Rdf1 {[%clk 00:48:15]} {[%emt 00:01:52]} Rac8
{[%clk 01:06:10]} {[%emt 00:01:39]} 33. c3 {[%clk 00:47:24]} {[%emt 00:01:22]}
Rh8 {[%clk 01:04:30]} {[%emt 00:02:10]} 34. Rxb7 {[%clk 00:47:21]} {[%emt
00:00:33]} Rcf8 {[%clk 01:03:41]} {[%emt 00:01:18]} 35. Rff7 {[%clk 00:47:12]}
{[%emt 00:00:39]} Rxf7 {[%clk 01:04:03]} {[%emt 00:00:09]} 36. Rxf7 {[%clk
00:47:36]} {[%emt 00:00:06]} Rh7 {[%clk 01:04:19]} {[%emt 00:00:13]} 37. g5+
{[%clk 00:40:52]} {[%emt 00:07:14]} Kh5 {[%clk 01:04:14]} {[%emt 00:00:35]} 38.
Rxh7+ {[%clk 00:41:12]} {[%emt 00:00:09]} Kg4 {[%clk 01:04:41]} {[%emt
00:00:04]} 39. Rh6 {[%clk 00:40:43]} {[%emt 00:00:59]} Nf2 {[%clk 01:04:33]}
{[%emt 00:00:38]} 40. Rxg6 {[%clk 00:40:55]} {[%emt 00:00:18]} Nd3 {[%clk
01:04:57]} {[%emt 00:00:04]} 41. Rg8 {[%clk 00:40:39]} {[%emt 00:00:48]} Nf4+
{[%clk 01:05:13]} {[%emt 00:00:14]} 42. Kf1 {[%clk 00:38:56]} {[%emt 00:02:13]}
Kh3 {[%clk 01:03:18]} {[%emt 00:02:25]} 43. Rf8 {[%clk 00:36:42]} {[%emt
00:02:44]} Kh2 {[%clk 01:02:42]} {[%emt 00:01:06]} 44. Rxf4 {[%clk 00:36:28]}
{[%emt 00:00:44]} g2+ {[%clk 01:03:08]} {[%emt 00:00:05]} 45. Ke2 {[%clk
00:36:28]} {[%emt 00:00:29]} g1=Q {[%clk 01:03:26]} {[%emt 00:00:13]} 46. b4
{[%clk 00:36:08]} {[%emt 00:00:49]} Kh3 {[%clk 01:03:44]} {[%emt 00:00:11]} 47.
a4 {[%clk 00:35:41]} {[%emt 00:00:58]} Qg2+ {[%clk 01:03:51]} {[%emt 00:00:23]}
48. Rf2 {[%clk 00:35:25]} {[%emt 00:00:47]} Qe4+ {[%clk 01:04:09]} {[%emt
00:00:11]} 49. Kf1 {[%clk 00:35:05]} {[%emt 00:00:50]} Kxh4 {[%clk 01:04:07]}
{[%emt 00:00:33]} 50. Rg2 {[%clk 00:35:05]} {[%emt 00:00:29]} Qd3+ {[%clk
01:03:51]} {[%emt 00:00:45]} 51. Kg1 {[%clk 00:35:10]} {[%emt 00:00:26]} Qxc3
{[%clk 01:03:49]} {[%emt 00:00:32]} 52. g6 {[%clk 00:35:34]} {[%emt 00:00:06]}
Qxd4+ {[%clk 01:04:14]} {[%emt 00:00:05]} 53. Kh1 {[%clk 00:35:49]} {[%emt
00:02:42]} Qg7 {[%clk 01:06:21]} {[%emt 00:00:23]} 54. b5 {[%clk 00:35:22]}
{[%emt 00:00:57]} axb5 {[%clk 01:06:09]} {[%emt 00:00:42]} 55. axb5 {[%clk
00:35:46]} {[%emt 00:00:06]} Qa1+ {[%clk 01:06:16]} {[%emt 00:00:23]} 56. Kh2
{[%clk 00:36:07]} {[%emt 00:00:09]} Qe5+ {[%clk 01:05:50]} {[%emt 00:00:56]}
57. Kg1 {[%clk 00:35:18]} {[%emt 00:01:18]} Kh3 {[%clk 01:05:57]} {[%emt
00:00:23]} 58. Kf1 {[%clk 00:34:07]} {[%emt 00:01:40]} Qa1+ {[%clk 01:06:16]}
{[%emt 00:00:13]} 59. Ke2 {[%clk 00:33:52]} {[%emt 00:00:45]} Qb2+ {[%clk
01:06:38]} {[%emt 00:00:09]} 60. Kd3 {[%clk 00:34:12]} {[%emt 00:00:09]} Qxg2
{[%clk 01:07:02]} {[%emt 00:00:06]} 61. b6 {[%clk 00:34:20]} {[%emt 00:00:22]}
Qxg6+ {[%clk 01:07:28]} {[%emt 00:00:04]} 62. Kc3 {[%clk 00:34:39]} {[%emt
00:00:12]} Qe4 {[%clk 01:07:47]} {[%emt 00:00:10]} 63. b7 {[%clk 00:34:04]}
{[%emt 00:01:05]} d4+ {[%clk 01:08:14]} {[%emt 00:00:04]} 64. Kc4 {[%clk
00:34:27]} {[%emt 00:00:07]} Qxb7 {[%clk 01:08:38]} {[%emt 00:00:05]} 65. Kxd4
{[%clk 00:34:51]} {[%emt 00:00:06]} Qd5+ {[%clk 01:08:59]} {[%emt 00:00:09]}
66. Ke3 {[%clk 00:35:14]} {[%emt 00:00:07]} e5 {[%clk 01:09:16]} {[%emt
00:00:13]} 67. Kf2 {[%clk 00:35:33]} {[%emt 00:00:11]} e4 {[%clk 01:09:25]}
{[%emt 00:00:21]} 68. Ke3 {[%clk 00:35:53]} {[%emt 00:00:10]} Qd3+ {[%clk
01:09:49]} {[%emt 00:00:06]} 69. Kf2 {[%clk 00:36:12]} {[%emt 00:00:11]} Qf3+
{[%clk 01:10:05]} {[%emt 00:00:14]} 70. Kg1 {[%clk 00:36:31]} {[%emt 00:00:11]}
Qg2# {[%clk 01:09:59]} {[%emt 00:00:06]} 0-1